| 000 | 00602nam a22002177a 4500 | ||
|---|---|---|---|
| 003 | OSt | ||
| 005 | 20150506224541.0 | ||
| 008 | 150505b xxu||||| |||| 00| 0 eng d | ||
| 020 | _a0723408637 | ||
| 040 | _cDNLM | ||
| 082 | _aWR 17 L576c 1993 | ||
| 100 |
_alevene G M _94516 |
||
| 245 |
_aA colour Atlas of Dermatology / _cG M Levene & C D Calnan |
||
| 250 | _aInternational edition | ||
| 260 |
_aSpain: _bWolfe Medical Publications Ltd ; _c1993 |
||
| 300 |
_a368 P ; _bcol.ill _c22 cm |
||
| 504 | _aIncludes index | ||
| 650 |
_aDermatology _9502 |
||
| 700 |
_aCalnan C D _94517 |
||
| 942 |
_2z _cSLOAN |
||
| 999 |
_c1710 _d1710 |
||